|
|
|
|
| LEADER |
00000nam a2200000 a 4500 |
| 001 |
vtls008383825 |
| 003 |
SK-MaSNL |
| 005 |
20260301165029.0 |
| 008 |
181109s1952 xo hun |
| 015 |
|
|
|a SKSNBA19451955-006977
|
| 035 |
|
|
|a SK01SNKBKSFS20020076042
|
| 035 |
|
|
|a SKM000078505
|
| 040 |
|
|
|a SNK
|b slo
|c SNK
|e AACR2
|
| 041 |
0 |
|
|a hun
|
| 044 |
|
|
|a xo
|c SK
|
| 080 |
|
|
|a 809.451.1(075)
|2 1981
|
| 080 |
|
|
|a 373(075)
|2 1981
|
| 245 |
1 |
0 |
|a Magyar nyelvtan és gyakorlókönyv
|b a csehszlovákiai magyar tannyelvű középiskolák 2. osztálya számára
|c szerk. a bratislavai Áll. Ped. Intézet mellett működő tankönyvbizottság
|
| 250 |
|
|
|a 3. kiad.
|
| 260 |
|
|
|a Bratislava
|b Štátne nakladateľstvo
|c 1952
|e Bratislava
|f Západoslov. tlač.
|
| 300 |
|
|
|a 69, [2] s.
|c V. 8°
|
| 563 |
|
|
|a 8.000 výtlač.
|
| 650 |
0 |
7 |
|a maďarčina
|2 SNKPH
|9 1492
|
| 655 |
|
7 |
|a učebnice stredných škôl
|2 SNKPH
|9 69323
|
| 958 |
|
|
|a OND
|
| 958 |
|
|
|a RK
|
| 958 |
|
|
|a TL
|
| 999 |
|
|
|c 822721
|d 824651
|
| 952 |
|
|
|a SNK
|b SNK
|y VYP
|7 0
|p 17A0887235
|o snkSD 7855 D1
|i snkK 3127/62
|8 3
|0 0
|1 0
|4 0
|d 2012-02-16
|l 0
|r 2026-02-24 03:11:51
|w 2026-02-24
|